| 000 | 00487nam a2200217Ia 4500 | ||
|---|---|---|---|
| 008 | 170918s9999 xx 000 0 und d | ||
| 020 | _a9780439394932 | ||
| 050 | _bR686 2002 | ||
| 100 | _aRodda, Emily | ||
| 245 | 4 | _aThe shadowlands / | |
| 245 | _cEmily Rodda. | ||
| 260 | _aNew York : | ||
| 260 | _bScholastic, | ||
| 260 | _c2002 | ||
| 300 | _a155 pages : | ||
| 300 | _bcolored illustration ; | ||
| 300 | _c19cm. | ||
| 440 | _aDeltora ; | ||
| 440 | _v3 | ||
| 500 | _a700 | ||
| 999 |
_c342262 _d342262 |
||